Future coal prospects: Country and regional assessments

সংরক্ষণ করুন:
গ্রন্থ-পঞ্জীর বিবরন
প্রধান লেখক: Greene, Robert P
বিন্যাস: গ্রন্থ
ভাষা:Undetermined
প্রকাশিত: Cambridge Ballinger Publishing 1980
বিষয়গুলি:
ট্যাগগুলো: ট্যাগ যুক্ত করুন
কোনো ট্যাগ নেই, প্রথমজন হিসাবে ট্যাগ করুন!
Thư viện lưu trữ: Trung tâm Học liệu Trường Đại học Cần Thơ
LEADER 00508nam a2200193Ia 4500
001 CTU_98839
008 210402s9999 xx 000 0 und d
082 |a 338.822 
082 |b G811 
100 |a Greene, Robert P 
245 0 |a Future coal prospects: 
245 0 |b Country and regional assessments 
245 0 |c Robert P Greene 
260 |a Cambridge 
260 |b Ballinger Publishing 
260 |c 1980 
650 |a Coal 
904 |i Truc 
980 |a Trung tâm Học liệu Trường Đại học Cần Thơ